00903nam a2200253 i 4500999001500000001000600015003000900021005001700030008004100047020001600088020001800104040003800122082001900160100002600179245009800205260005000303300004000353504005100393650002100444650003400465700002100499942001200520952011700532 c2495d249512415BD-DhUAP20210130100403.0150602s2013 ctuab b 001 0 eng  a0714122513  a9780714122519 aBD-DhUAPbEngcBD-DhUAPdBD-DhUAP00a709.38 BEL223 aBelozerskaya, Marina. aAncient Greece : bart, architecture, and history /cMarina Belozerskaya and Kenneth Lapatin. aLondon : bThe British Museum Press,cc2004. a144 pages :billustrations ;c21 cm aIncludes bibliographical references and index. aArt grec antique aArchitecture grecque antique. aLapatin, Kenneth 2ddccBK 00102ddc4070aUAPCLbUAPCLcGeneral Stacksd2020-02-25o709.38 BELp3010012415r2020-02-25t1w2020-02-25yBK